Participación en proyecto de educación intercultural indígena, con niños trabajadores de la calle de la ciudad de San Cristóbal de las Casas, Chiapas, durante el servicio social intensivo de verano 2004 /

Gespeichert in:
Bibliographische Detailangaben
1. Verfasser: Peña Ramírez, Cynthia María (autor)
Format: Abschlussarbeit Buch
Sprache:Spanisch
Schlagworte:
Tags: Tag hinzufügen
Keine Tags, Fügen Sie das erste Tag hinzu!

MARC

LEADER 00000nam^a2200000^a^4500
001 000183224
005 20250521000000.0
009 20260310102034.336
037 |a Acervo ITESO - Biblioteca 
041 |a ESP 
090 |a PSI. 613 
100 |a Peña Ramírez, Cynthia María  |e (autor) 
245 1 0 |a Participación en proyecto de educación intercultural indígena, con niños trabajadores de la calle de la ciudad de San Cristóbal de las Casas, Chiapas, durante el servicio social intensivo de verano 2004 /  |c C.M. Peña Ramírez. 
264 |a Guadalajara, México :  |b edición de autor,  |c 2005 
300 |a 1 disco compacto de computadora 
336 |a datos para computadora  |b cod  |2 rdacontenido 
337 |a computadora  |b c  |2 rdamedio 
338 |a disco de computadora  |b cd  |2 rdasoporte 
502 |a ITESO Reporte de Servicio Social de Licenciatura en Psicología 
649 |a XX 
650 |a Indígenas de México -  |z San Cristóbal de las Casas, Chiapas -  |x Condiciones Sociales y Culturales 
650 |a Niños -  |z San Cristóbal de las Casas, Chiapas -  |x Condiciones Sociales y Culturales 
650 |a Educación Intercultural -  |z San Cristóbal de las Casas, Chiapas 
650 |a Asistencia Social -  |z San Cristóbal de las Casas, Chiapas 
650 |a Psicología Educativa -  |x Prácticas Profesionales 
650 |a Servicio Social -  |x Informes -  |x Tema Principal 
650 |a Educación Superior 
910 |a Fondo General 
920 |a Electrónicos - Tesis del ITESO en Disco 
905 |a 202 
901 |a 0500123452  |b IT2  |c STS  |u 20250521 
902 |a https://opac.biblio.iteso.mx/vufind/Record/000183224